[Event "BEL-ch op"]
[Site "Niel"]
[Date "2017.07.05"]
[Round "5"]
[White "Jafari, Yasin"]
[Black "De Bock, Lennart"]
[Result "0-1"]
[WhiteElo "1245"]
[BlackElo "2054"]
[PlyCount "98"]
[EventDate "2017.07.01"]
[EventType "swiss"]
[EventRounds "9"]
[EventCountry "BEL"]
[SourceTitle "EXT 2018"]
[Source "ChessBase"]
[SourceDate "2017.10.13"]
[SourceVersion "1"]
[SourceVersionDate "2017.10.13"]
[SourceQuality "1"]

1. d4 Nf6 2. c4 e6 3. Nf3 d5 4. cxd5 exd5 5. Nc3 Be7 6. Bg5 c6 7. Qc2 0-0 8. e3 Ne4 9. Bf4 f5 10. Bd3 Nd7 11. 0-0 g5 12. Be5 g4 13. Nd2 Nxe5 14. dxe5 Qc7 15. f4 Qb6 16. Rfe1 Nxc3 17. bxc3 Be6 18. Rab1 Qc7 19. Qb3 b5 20. g3 Bc5 21. Qc2 Qb6 22. Kf2 Be7 23. Nb3 c5 24. Bf1 Rab8 25. Rbd1 a5 26. h3 h5 27. hxg4 hxg4 28. Bg2 Rbd8 29. Rh1 Kg7 30. Rh2 Rh8 31. Rxh8 Rxh8 32. Rc1 a4 33. Na1 b4 34. Qb1 Rd8 35. Nc2 b3 36. axb3 axb3 37. Re1 Rb8 38. Na1 c4 39. Qb2 Ra8 40. Re2 Ra2 41. Qb1 Rxe2+ 42. Kxe2 Bc5 43. Qh1 b2 44. Qh4 bxa1Q 45. Qf6+ Kg8 46. Qg6+ Kf8 47. Qf6+ Ke8 48. Qh8+ Bf8 49. Qh5+ Bf7 0-1

[Event "BEL-ch op"]
[Site "Niel"]
[Date "2017.07.01"]
[Round "1"]
[White "Swijsen, Willy"]
[Black "Jafari, Yasin"]
[Result "0-1"]
[WhiteElo "1575"]
[BlackElo "1245"]
[PlyCount "76"]
[EventDate "2017.07.01"]
[EventType "swiss"]
[EventRounds "9"]
[EventCountry "BEL"]
[SourceTitle "EXT 2018"]
[Source "ChessBase"]
[SourceDate "2017.10.13"]
[SourceVersion "1"]
[SourceVersionDate "2017.10.13"]
[SourceQuality "1"]

1. c4 e5 2. g3 c6 3. Bg2 d5 4. cxd5 cxd5 5. e3 Nf6 6. Nc3 Nc6 7. Qb3 e4 8. Nge2 g6 9. Nf4 Ne7 10. 0-0 Bh6 11. Nce2 b6 12. Qc3 Bg7 13. b3 0-0 14. Bb2 Nf5 15. g4 Nxg4 16. Qc2 Ne5 17. Nxd5 Nf3+ 18. Bxf3 exf3 19. Nef4 g5 20. Bxg7 gxf4 21. Bf6 Qxd5 22. Kh1 Re8 23. Rg1+ Kf8 24. Rg5 h6 25. Rg4 Re6 26. Qc3 Ne7 27. Rxf4 Ng6 28. Rd4 Qc5 29. Rc4 Qf5 30. Rxc8+ Re8 31. Rxe8+ Rxe8 32. Bg7+ Ke7 33. Bxh6 Rc8 34. Qb2 a5 35. Rc1 Qh3 36. Bg5+ Ke6 37. Rg1 Ne5 38. Bf4 Nd3 0-1